Four laws that drive the universe / (Record no. 8714)
[ view plain ]
| 000 -LEADER | |
|---|---|
| fixed length control field | 01495cam a2200337 a 4500 |
| 001 - CONTROL NUMBER | |
| control field | 14853702 |
| 003 - CONTROL NUMBER IDENTIFIER | |
| control field | OSt |
| 005 - DATE AND TIME OF LATEST TRANSACTION | |
| control field | 20240624095436.0 |
| 008 - FIXED-LENGTH DATA ELEMENTS--GENERAL INFORMATION | |
| fixed length control field | 070517s2007 enka b 001 0 eng |
| 010 ## - LIBRARY OF CONGRESS CONTROL NUMBER | |
| LC control number | 2007020917 |
| 015 ## - NATIONAL BIBLIOGRAPHY NUMBER | |
| National bibliography number | GBA736620 |
| Source | bnb |
| 016 7# - NATIONAL BIBLIOGRAPHIC AGENCY CONTROL NUMBER | |
| Record control number | 013745782 |
| Source | Uk |
| 020 ## - INTERNATIONAL STANDARD BOOK NUMBER | |
| International Standard Book Number | 0199232369 (hbk. : alk. paper) |
| 020 ## - INTERNATIONAL STANDARD BOOK NUMBER | |
| International Standard Book Number | 9780199232369 (hbk. : alk. paper) |
| 035 ## - SYSTEM CONTROL NUMBER | |
| System control number | (OCoLC)ocn132294085 |
| 035 ## - SYSTEM CONTROL NUMBER | |
| System control number | (OCoLC)132294085 |
| 040 ## - CATALOGING SOURCE | |
| Original cataloging agency | DLC |
| Transcribing agency | MUST |
| Modifying agency | UKM |
| -- | BTCTA |
| -- | BAKER |
| -- | BWKUK |
| -- | YDXCP |
| -- | IXA |
| -- | DLC |
| 082 00 - DEWEY DECIMAL CLASSIFICATION NUMBER | |
| Classification number | 340 ATK 2007 |
| 100 1# - MAIN ENTRY--PERSONAL NAME | |
| Personal name | Atkins, P. W. |
| Fuller form of name | (Peter William), |
| Dates associated with a name | 1940- |
| 9 (RLIN) | 17616 |
| 245 10 - TITLE STATEMENT | |
| Title | Four laws that drive the universe / |
| Statement of responsibility, etc. | Peter Atkins. |
| 260 ## - PUBLICATION, DISTRIBUTION, ETC. (IMPRINT) | |
| Place of publication, distribution, etc. | Oxford ; |
| -- | New York : |
| Name of publisher, distributor, etc. | Oxford University Press, |
| Date of publication, distribution, etc. | 2007. |
| 300 ## - PHYSICAL DESCRIPTION | |
| Extent | 130 p. : |
| Other physical details | ill. ; |
| Dimensions | 21 cm. |
| 504 ## - BIBLIOGRAPHY, ETC. NOTE | |
| Bibliography, etc | Includes bibliographical references (p. [125]) and index. |
| 505 0# - FORMATTED CONTENTS NOTE | |
| Formatted contents note | The zeroth law : the concept of temperature -- The first law : the conservation of energy -- The second law : the increase in entropy -- Free energy : the availability of work -- The third law : the unattainability of zero. |
| 650 #0 - SUBJECT ADDED ENTRY--TOPICAL TERM | |
| Topical term or geographic name as entry element | Laws of thermodynamics. |
| 9 (RLIN) | 17617 |
| 650 #0 - SUBJECT ADDED ENTRY--TOPICAL TERM | |
| Topical term or geographic name as entry element | Physical laws. |
| 9 (RLIN) | 13264 |
| 856 41 - ELECTRONIC LOCATION AND ACCESS | |
| Materials specified | Table of contents only |
| Uniform Resource Identifier | http://www.loc.gov/catdir/toc/ecip0718/2007020917.html |
| 906 ## - LOCAL DATA ELEMENT F, LDF (RLIN) | |
| a | 7 |
| b | cbc |
| c | orignew |
| d | 1 |
| e | ecip |
| f | 20 |
| g | y-gencatlg |
| 942 ## - ADDED ENTRY ELEMENTS (KOHA) | |
| Source of classification or shelving scheme | Dewey Decimal Classification |
| Koha item type | Open Shelf |
| Withdrawn status | Lost status | Source of classification or shelving scheme | Damaged status | Not for loan | Home library | Current library | Date acquired | Source of acquisition | Inventory number | Total Checkouts | Full call number | Barcode | Date last seen | Price effective from | Koha item type |
|---|---|---|---|---|---|---|---|---|---|---|---|---|---|---|---|
| Dewey Decimal Classification | MUST Main Library | MUST Main Library | 24/06/2024 | Purchase | 2014/37922 | 340 ATK 2007 | 2024-21037 | 24/06/2024 | 24/06/2024 | Open Shelf | |||||
| Other/Generic Classification Scheme | MUST Main Library | MUST Main Library | 26/06/2024 | Purchase | 14/37921 | 340 ATK 2007 | 2024-21412 | 26/06/2024 | 26/06/2024 | Open Shelf |
